[Event "IV Concordia Open 2018"]
[Site "Concordia BRA"]
[Date "2018.06.30"]
[Round "4.1"]
[White "Delgado Ramirez, N."]
[Black "Matsuura, E."]
[Result "1-0"]
[WhiteElo "2613"]
[BlackElo "2501"]
[PlyCount "145"]
[EventDate "2018.06.29"]
[EventType "swiss"]
[EventRounds "6"]
[EventCountry "BRA"]
[SourceTitle "The Week in Chess 1234"]
[Source "Mark Crowther"]
[SourceDate "2018.07.02"]
[SourceVersion "1"]
[SourceVersionDate "2018.07.02"]
[SourceQuality "2"]

1. e4 c5 2. Nf3 Nc6 3. Bb5 g6 4. Bxc6 bxc6 5. O-O Bg7 6. Re1 e5 7. c3 Ne7 8. d4
cxd4 9. cxd4 exd4 10. Nxd4 O-O 11. Nc3 Rb8 12. Nb3 Qc7 13. Bg5 d6 14. Qd2 Be6
15. Nd4 Nc8 16. Rac1 Qb6 17. Nxe6 fxe6 18. b3 Rb7 19. Be3 Qa5 20. Bd4 Rbf7 21.
Re2 Bxd4 22. Qxd4 Qg5 23. Qd2 Qe5 24. Nd1 c5 25. f3 Ne7 26. Ne3 Nc6 27. Nc4
Qd4+ 28. Qxd4 Nxd4 29. Rd2 Rd7 30. e5 dxe5 31. Nxe5 Rd5 32. Re1 Rfd8 33. Rb2
Rb8 34. Nc4 Kf7 35. Kf2 h5 36. Rc1 Nf5 37. Nd2 Nd6 38. Rbc2 Rb4 39. Nf1 Rb5 40.
Ne3 Rd4 41. Ke2 Ra5 42. Nd1 Rd5 43. Nc3 Rd4 44. Nd1 Rd5 45. Kf2 Rd4 46. Ne3 Kf6
47. Re2 Kf7 48. Rc3 Kf6 49. Rec2 Nb7 50. Nc4 Ra6 51. Nd2 Rd5 52. Ne4+ Ke7 53.
h4 Ra5 54. a4 Ra6 55. Nd2 Rb6 56. Nc4 Rb4 57. g3 Kf6 58. Nd2 Rbd4 59. Nc4 Rd3
60. Rxd3 Rxd3 61. Nd2 Ke5 62. Ke2 Rd4 63. Rc3 Kd5 64. Nc4 Nd6 65. Ne3+ Kc6 66.
Nc2 e5 67. Nxd4+ exd4 68. Rc1 Kd5 69. Kd3 Nf7 70. f4 Nd6 71. Re1 Nf5 72. Re8
Nxg3 73. Re5+ 1-0

[Event "IV Concordia Open 2018"]
[Site "Concordia BRA"]
[Date "2018.07.01"]
[Round "5.1"]
[White "Mekhitarian, K."]
[Black "Delgado Ramirez, N."]
[Result "1/2-1/2"]
[WhiteElo "2546"]
[BlackElo "2613"]
[PlyCount "89"]
[EventDate "2018.06.29"]
[EventType "swiss"]
[EventRounds "6"]
[EventCountry "BRA"]
[SourceTitle "The Week in Chess 1234"]
[Source "Mark Crowther"]
[SourceDate "2018.07.02"]
[SourceVersion "1"]
[SourceVersionDate "2018.07.02"]
[SourceQuality "2"]

1. d4 Nf6 2. c4 e6 3. Nf3 Bb4+ 4. Bd2 Bxd2+ 5. Qxd2 d5 6. g3 Nbd7 7. Bg2 O-O 8.
O-O c6 9. Rd1 b6 10. Ne5 Bb7 11. Nc3 Qe7 12. e4 dxe4 13. Nxe4 Nxe4 14. Bxe4
Rac8 15. Nxd7 Qxd7 16. c5 Rfd8 17. Rac1 Qe7 18. Qe3 Rd7 19. b4 g6 20. Rd2 Rcd8
21. Rcd1 e5 22. Bf3 exd4 23. Rxd4 Qxe3 24. fxe3 Rxd4 25. exd4 bxc5 26. dxc5
Rxd1+ 27. Bxd1 Bc8 28. Kf2 f5 29. Bf3 Bd7 30. Ke3 Kg7 31. Kd4 Kf6 32. b5 cxb5
33. Bb7 Be6 34. a3 a5 35. c6 b4 36. axb4 axb4 37. c7 b3 38. Kc3 Ke5 39. c8=Q
Bxc8 40. Bxc8 Ke4 41. Kxb3 Kf3 42. Be6 Kg2 43. Bg8 Kxh2 44. Bxh7 Kxg3 45. Bxg6
1/2-1/2

[Event "13th American Continental"]
[Site "Montevideo URU"]
[Date "2018.06.04"]
[Round "5.5"]
[White "Delgado Ramirez, N."]
[Black "Terry, R."]
[Result "1-0"]
[WhiteElo "2613"]
[BlackElo "2503"]
[PlyCount "149"]
[EventDate "2018.06.01"]
[EventType "swiss"]
[EventRounds "11"]
[EventCountry "URU"]
[SourceTitle "The Week in Chess 1231"]
[Source "Mark Crowther"]
[SourceDate "2018.06.11"]
[SourceVersion "2"]
[SourceVersionDate "2018.06.12"]
[SourceQuality "2"]

1. e4 c6 2. d4 d5 3. e5 Bf5 4. h4 h6 5. g4 Bd7 6. Nc3 e6 7. Be3 Qc7 8. h5 c5 9.
f4 cxd4 10. Qxd4 a6 11. Nge2 Nc6 12. Qb6 Qxb6 13. Bxb6 f6 14. exf6 Nxf6 15. Bh3
Be7 16. O-O-O Bd8 17. Bxd8 Rxd8 18. Nd4 O-O 19. Rhe1 Nxd4 20. Rxd4 Rde8 21. Kd2
Bc6 22. g5 Ne4+ 23. Nxe4 dxe4 24. gxh6 gxh6 25. Rd6 Rxf4 26. Bxe6+ Kf8 27. Bb3
Rf2+ 28. Ke3 Rf3+ 29. Kd4 e3 30. Rxh6 Re4+ 31. Kd3 Re5 32. Re6 Rxh5 33. R1xe3
Rxe3+ 34. Rxe3 Rh4 35. c4 Kf7 36. Kc3 Kf6 37. Bc2 Rf4 38. b4 Rh4 39. a4 Bh1 40.
a5 Bc6 41. Bd3 Bh1 42. Bb1 Bc6 43. Bc2 Rf4 44. Bd1 Kf7 45. Bh5+ Kf6 46. Be8 Be4
47. Bd7 Ke5 48. Bc8 Rf3 49. Rxf3 Bxf3 50. c5 Bc6 51. b5 Bxb5 52. Bxb7 Bf1 53.
Bf3 Bb5 54. Kb4 Bd3 55. Bd1 Bf5 56. Be2 Bc8 57. Bf3 Bh3 58. Bb7 Bf1 59. Bc8 Be2
60. Bd7 Bf1 61. Ba4 Bh3 62. Bd1 Bc8 63. Be2 Kd5 64. Bf3+ Ke5 65. Kc3 Bh3 66.
Be2 Bc8 67. Bf1 Kd5 68. Kb4 Ke5 69. Bc4 Bb7 70. c6 Bxc6 71. Kc5 Bf3 72. Bxa6
Ke6 73. Bb5 Ke7 74. a6 Kd8 75. Bc6 1-0

[Event "13th American Continental"]
[Site "Montevideo URU"]
[Date "2018.06.05"]
[Round "6.2"]
[White "Delgado Ramirez, N."]
[Black "Cori, J."]
[Result "1/2-1/2"]
[WhiteElo "2613"]
[BlackElo "2659"]
[PlyCount "174"]
[EventDate "2018.06.01"]
[EventType "swiss"]
[EventRounds "11"]
[EventCountry "URU"]
[SourceTitle "The Week in Chess 1231"]
[Source "Mark Crowther"]
[SourceDate "2018.06.11"]
[SourceVersion "2"]
[SourceVersionDate "2018.06.12"]
[SourceQuality "2"]

1. e4 e6 2. d4 d5 3. exd5 exd5 4. Nf3 Nf6 5. Bd3 Bd6 6. Qe2+ Qe7 7. Qxe7+ Kxe7
8. O-O h6 9. Re1+ Be6 10. Nh4 Kd8 11. Nf5 Bxf5 12. Bxf5 Nc6 13. c3 Re8 14.
Rxe8+ Kxe8 15. Be3 Ne7 16. Bh3 Ne4 17. g3 Kf8 18. Nd2 Nxd2 19. Bxd2 Rd8 20. Bf1
Nc8 21. Bd3 Nb6 22. b3 c5 23. dxc5 Bxc5 24. Rd1 Be7 25. Be2 Bf6 26. Be1 Rc8 27.
Rd3 d4 28. cxd4 Rc1 29. Rd1 Rc2 30. Rd2 Rc1 31. Kf1 Nc8 32. Rd1 Rxd1 33. Bxd1
Bxd4 34. Ke2 Nd6 35. Kd3 Bc5 36. b4 Bb6 37. a4 a6 38. Bb3 f6 39. f3 Bg1 40. h3
Ke7 41. Bd5 Kd7 42. g4 Bh2 43. Bd2 g5 44. Be1 Be5 45. h4 b5 46. a5 Kc7 47. Bf2
Kd7 48. h5 Kc7 49. Be6 Kd8 50. Bc5 Ke8 51. Kc2 Kd8 52. Kb3 Bg3 53. Kc3 Be5+ 54.
Kd3 Ke8 55. Bb6 Ke7 56. Bd5 Kd7 57. Ba8 Ke6 58. Bc6 f5 59. Bc5 fxg4 60. fxg4
Bg3 61. Kc3 Be1+ 62. Kb3 Ke5 63. Bxd6+ Kxd6 64. Bb7 Kc7 65. Bxa6 Kc6 66. Bc8
Kc7 67. Bf5 Kb7 68. Be4+ Ka6 69. Bf5 Bd2 70. Bc8+ Ka7 71. a6 Kb6 72. Kc2 Bxb4
73. Kd3 Bf8 74. Ke4 b4 75. Kf5 b3 76. Kg6 b2 77. Bf5 Kxa6 78. Kf7 Bb4 79. Kg7
Kb6 80. Kxh6 Bd2 81. Kg7 Kc5 82. h6 Kd6 83. Kf6 Be3 84. Bb1 Bd2 85. Bf5 Be3 86.
h7 Bd4+ 87. Kxg5 Ke7 1/2-1/2

[Event "13th American Continental"]
[Site "Montevideo URU"]
[Date "2018.06.07"]
[Round "7.4"]
[White "Donoso Diaz, Sebastian"]
[Black "Delgado Ramirez, N."]
[Result "0-1"]
[WhiteElo "2184"]
[BlackElo "2613"]
[PlyCount "178"]
[EventDate "2018.06.01"]
[EventType "swiss"]
[EventRounds "11"]
[EventCountry "URU"]
[SourceTitle "The Week in Chess 1231"]
[Source "Mark Crowther"]
[SourceDate "2018.06.11"]
[SourceVersion "2"]
[SourceVersionDate "2018.06.12"]
[SourceQuality "2"]

1. d4 Nf6 2. c4 e6 3. Nf3 d5 4. g3 Bb4+ 5. Bd2 Bd6 6. Bg2 Nbd7 7. O-O c6 8. Qc2
O-O 9. Bg5 h6 10. Bxf6 Nxf6 11. Nbd2 Be7 12. a3 a5 13. Rfc1 a4 14. c5 b6 15.
cxb6 Bb7 16. b4 axb3 17. Qxb3 Ra6 18. e3 Nd7 19. a4 Rxb6 20. Qa2 Ra6 21. Nb3
Qc7 22. a5 Rb8 23. Ne1 Bb4 24. Bf1 Ra7 25. Nc2 Bxa5 26. Nxa5 Rba8 27. Qa3 Rxa5
28. Qe7 Qc8 29. Rab1 R5a7 30. Nb4 Nb8 31. Qd6 Qf8 32. Qf4 Qe7 33. h4 Ra4 34.
Nd3 Na6 35. Nb2 Rb4 36. Nd3 Rxb1 37. Rxb1 Rc8 38. Ne5 f6 39. Ng6 Qf7 40. Rxb7
Qxb7 41. Bxa6 Qxa6 42. Ne7+ Kf7 43. Nxc8 Qxc8 44. Qd6 Qe8 45. Qc7+ Kg6 46. Qd6
Kh7 47. Kf1 e5 48. dxe5 fxe5 49. Kg2 Kg8 50. Kg1 Kf7 51. Qc7+ Kf6 52. h5 Qe6
53. Kg2 d4 54. e4 Qe8 55. f4 exf4 56. Qd6+ Kf7 57. Qxd4 fxg3 58. Kxg3 Qe7 59.
e5 Ke6 60. Qc4+ Kxe5 61. Qc3+ Kd6 62. Qd4+ Ke6 63. Qe3+ Kd7 64. Qa7+ Ke8 65.
Qb8+ Kf7 66. Qf4+ Kg8 67. Qc4+ Kh8 68. Qxc6 Qg5+ 69. Kh2 Qxh5+ 70. Kg3 Qg5+ 71.
Kh2 h5 72. Qc8+ Kh7 73. Qc2+ Qg6 74. Qc4 Qf5 75. Qd4 Qg6 76. Qc4 h4 77. Kh1 Qg5
78. Qe4+ Kh6 79. Qe6+ g6 80. Qc8 Qf4 81. Qh8+ Kg5 82. Qh7 h3 83. Qe7+ Kh6 84.
Qe2 Kg5 85. Qe7+ Kg4 86. Qe6+ Qf5 87. Qc4+ Kg3 88. Qc7+ Qf4 89. Qc2 Qf1# 0-1

[Event "13th American Continental"]
[Site "Montevideo URU"]
[Date "2018.06.09"]
[Round "10.6"]
[White "Sosa, T ARG."]
[Black "Delgado Ramirez, N."]
[Result "1-0"]
[WhiteElo "2453"]
[BlackElo "2613"]
[PlyCount "81"]
[EventDate "2018.06.01"]
[EventType "swiss"]
[EventRounds "11"]
[EventCountry "URU"]
[SourceTitle "The Week in Chess 1231"]
[Source "Mark Crowther"]
[SourceDate "2018.06.11"]
[SourceVersion "2"]
[SourceVersionDate "2018.06.12"]
[SourceQuality "2"]

1. e4 c5 2. Nf3 d6 3. d4 cxd4 4. Nxd4 Nf6 5. Nc3 a6 6. Bg5 e6 7. Qf3 h6 8. Be3
Bd7 9. Bd3 Nc6 10. O-O Nxd4 11. Bxd4 e5 12. Be3 Bg4 13. Qg3 Be6 14. Rae1 Be7
15. Nd5 Nh5 16. Qf3 Bxd5 17. exd5 g6 18. Qe2 Ng7 19. f4 f5 20. fxe5 dxe5 21. c4
Qc7 22. Qf2 Qd6 23. Kh1 Rc8 24. Qg3 Nh5 25. Qh3 Nf6 26. Bd4 exd4 27. Re6 Qd7
28. Rfe1 O-O 29. Bxf5 Bb4 30. Rxf6 Rxf6 31. Bxd7 Bxe1 32. Qd3 Rcf8 33. g3 Bf2
34. c5 Be3 35. c6 bxc6 36. dxc6 Kg7 37. Qe4 Rf1+ 38. Kg2 R1f7 39. Be8 Rf2+ 40.
Kh3 R2f6 41. c7 1-0

[Event "13th American Continental"]
[Site "Montevideo URU"]
[Date "2018.06.10"]
[Round "11.9"]
[White "Delgado Ramirez, N."]
[Black "Fernandez, Maria"]
[Result "1-0"]
[WhiteElo "2613"]
[BlackElo "2203"]
[PlyCount "41"]
[EventDate "2018.06.01"]
[EventType "swiss"]
[EventRounds "11"]
[EventCountry "URU"]
[SourceTitle "The Week in Chess 1231"]
[Source "Mark Crowther"]
[SourceDate "2018.06.11"]
[SourceVersion "2"]
[SourceVersionDate "2018.06.12"]
[SourceQuality "2"]

1. e4 c5 2. Nf3 d6 3. Bc4 Nf6 4. d3 g6 5. e5 dxe5 6. Nxe5 e6 7. Qf3 Nbd7 8. Bb5
Bd6 9. Nc4 Be7 10. Bh6 a6 11. Bxd7+ Nxd7 12. Nc3 f5 13. O-O Nb6 14. Rfe1 Nxc4
15. dxc4 Qd4 16. Nd5 Kf7 17. Nxe7 Kxe7 18. Rad1 Qxc4 19. Qg3 Rg8 20. Bg5+ Kf7
21. Qc7+ 1-0

[Event "13th American Continental"]
[Site "Montevideo URU"]
[Date "2018.06.01"]
[Round "1.7"]
[White "Delgado Ramirez, N."]
[Black "Cervantes Landeiro, Thalia"]
[Result "1-0"]
[WhiteElo "2613"]
[BlackElo "2087"]
[PlyCount "87"]
[EventDate "2018.06.01"]
[EventType "swiss"]
[EventRounds "11"]
[EventCountry "URU"]
[SourceTitle "The Week in Chess 1230"]
[Source "Mark Crowther"]
[SourceDate "2018.06.04"]
[SourceVersion "1"]
[SourceVersionDate "2018.06.04"]
[SourceQuality "2"]

1. e4 e5 2. Nf3 Nc6 3. Nc3 Nf6 4. Be2 Bb4 5. Nd5 Bc5 6. d3 h6 7. Be3 Bxe3 8.
fxe3 d6 9. Nxf6+ Qxf6 10. Qd2 Bg4 11. O-O-O O-O-O 12. Rhf1 Qe7 13. Kb1 Kb8 14.
Qe1 Be6 15. Qg3 Rhg8 16. d4 exd4 17. exd4 d5 18. e5 Bf5 19. Nh4 Be4 20. Bb5 Ka8
21. Qf2 Qb4 22. Bxc6 bxc6 23. Qd2 Qe7 24. Nf5 Qd7 25. Ng3 Bg6 26. Ne2 Rb8 27.
Nf4 Bh7 28. Nd3 Rgf8 29. Nc5 Qe7 30. a4 Bg6 31. Ka2 Rfe8 32. Rf2 Rb6 33. Qc3
Reb8 34. b3 Rd8 35. Rdf1 Rbb8 36. Qg3 Qg5 37. Qxg5 hxg5 38. h3 a5 39. Kb2 Rh8
40. Rxf7 Bxf7 41. Rxf7 Rbc8 42. e6 Rce8 43. Rxc7 Rh6 44. Rxg7 1-0

[Event "13th American Continental"]
[Site "Montevideo URU"]
[Date "2018.06.02"]
[Round "2.7"]
[White "Grabinsky, Aaron"]
[Black "Delgado Ramirez, N."]
[Result "0-1"]
[WhiteElo "2296"]
[BlackElo "2613"]
[PlyCount "112"]
[EventDate "2018.06.01"]
[EventType "swiss"]
[EventRounds "11"]
[EventCountry "URU"]
[SourceTitle "The Week in Chess 1230"]
[Source "Mark Crowther"]
[SourceDate "2018.06.04"]
[SourceVersion "1"]
[SourceVersionDate "2018.06.04"]
[SourceQuality "2"]

1. e4 e5 2. Nf3 Nc6 3. Bc4 g6 4. O-O Bg7 5. c3 Nf6 6. Re1 Nxe4 7. d4 d5 8. dxe5
dxc4 9. Qxd8+ Kxd8 10. Rxe4 Be6 11. Bg5+ Kd7 12. Nbd2 Bd5 13. Ree1 h6 14. Bf4
g5 15. Bg3 Ke6 16. h3 Rhd8 17. b3 Bxf3 18. Nxf3 Rd3 19. Rac1 cxb3 20. axb3 Rad8
21. Kf1 Kf5 22. Bh2 Ke6 23. Rc2 R3d5 24. g4 Rc5 25. Re3 Rd1+ 26. Ke2 Rb1 27. c4
b5 28. Bg3 bxc4 29. bxc4 a5 30. Re4 a4 31. Ra2 Rb4 32. Kd3 Bxe5 33. Bxe5 Nxe5+
34. Nxe5 Rxe5 35. Rxe5+ Kxe5 36. Re2+ Kd6 37. Re8 Rb3+ 38. Kd4 c5+ 39. Ke4 Rc3
40. Rd8+ Ke7 41. Ra8 Rxc4+ 42. Kd5 Rc3 43. Rxa4 Rxh3 44. f4 Rc3 45. f5 Kf6 46.
Ra6+ Kg7 47. Ra8 Rg3 48. Ke5 Re3+ 49. Kd5 c4 50. Rc8 c3 51. Kd4 Rg3 52. Ke5
Rxg4 53. f6+ Kg6 54. Rg8+ Kh5 55. Rc8 Rg3 56. Kd6 Kg6 0-1

[Event "13th American Continental"]
[Site "Montevideo URU"]
[Date "2018.06.03"]
[Round "3.5"]
[White "Delgado Ramirez, N."]
[Black "Salinas Herrera, P."]
[Result "1-0"]
[WhiteElo "2613"]
[BlackElo "2463"]
[PlyCount "51"]
[EventDate "2018.06.01"]
[EventType "swiss"]
[EventRounds "11"]
[EventCountry "URU"]
[SourceTitle "The Week in Chess 1230"]
[Source "Mark Crowther"]
[SourceDate "2018.06.04"]
[SourceVersion "1"]
[SourceVersionDate "2018.06.04"]
[SourceQuality "2"]

1. e4 c5 2. Nf3 d6 3. Bb5+ Nd7 4. O-O a6 5. Bd3 Ngf6 6. Re1 b5 7. a4 b4 8. c3
Bb7 9. Bc2 Rc8 10. d3 e6 11. a5 bxc3 12. bxc3 Be7 13. Bg5 O-O 14. Nbd2 Qc7 15.
h3 Rfe8 16. Bf4 h6 17. Nc4 Bf8 18. Bh2 Red8 19. Nfd2 Bc6 20. Ne3 Ne5 21. f4 Ng6
22. Ndc4 Re8 23. Bb3 Rcd8 24. Nb6 Nd7 25. f5 exf5 26. Bxf7+ 1-0

[Event "13th American Continental"]
[Site "Montevideo URU"]
[Date "2018.06.03"]
[Round "4.2"]
[White "Martinez Alcantara, Jose Eduardo"]
[Black "Delgado Ramirez, N."]
[Result "1/2-1/2"]
[WhiteElo "2539"]
[BlackElo "2613"]
[PlyCount "51"]
[EventDate "2018.06.01"]
[EventType "swiss"]
[EventRounds "11"]
[EventCountry "URU"]
[SourceTitle "The Week in Chess 1230"]
[Source "Mark Crowther"]
[SourceDate "2018.06.04"]
[SourceVersion "1"]
[SourceVersionDate "2018.06.04"]
[SourceQuality "2"]

1. e4 c5 2. Nf3 d6 3. d4 cxd4 4. Nxd4 Nf6 5. Nc3 a6 6. f3 g6 7. Be3 h5 8. Qd2
e5 9. Nb3 Be6 10. O-O-O Nbd7 11. Kb1 Rc8 12. Bd3 Be7 13. g3 b5 14. a3 Nc5 15.
Nc1 Qd7 16. h4 Qb7 17. Be2 Na4 18. N1a2 Nxc3+ 19. Nxc3 Rb8 20. Bg5 b4 21. axb4
Qxb4 22. b3 Qa3 23. Qc1 Qa5 24. Qd2 Qa3 25. Qc1 Qa5 26. Qd2 1/2-1/2

[Event "Brazil Foz do Iguacu Open"]
[Site "Foz do Iguacu BRA"]
[Date "2018.05.16"]
[Round "1.3"]
[White "Acosta, P."]
[Black "Delgado Ramirez, N."]
[Result "0-1"]
[WhiteElo "1932"]
[BlackElo "2611"]
[PlyCount "96"]
[EventDate "2018.05.16"]
[EventType "swiss"]
[EventRounds "9"]
[EventCountry "BRA"]
[SourceTitle "The Week in Chess 1228"]
[Source "Mark Crowther"]
[SourceDate "2018.05.21"]
[SourceVersion "1"]
[SourceVersionDate "2018.05.21"]
[SourceQuality "2"]

1. e4 c5 2. Nf3 d6 3. Bb5+ Bd7 4. Bxd7+ Nxd7 5. O-O Ngf6 6. Qe2 e6 7. c3 Be7 8.
d4 O-O 9. h3 Rc8 10. Rd1 a6 11. e5 Ne8 12. dxc5 Rxc5 13. Bf4 Qc7 14. exd6 Bxd6
15. Bxd6 Nxd6 16. Nbd2 Nf6 17. Nb3 Rh5 18. Ne5 Rg5 19. Nf3 Rb5 20. Nbd4 Rd5 21.
Rac1 Re8 22. Ne5 Nde4 23. Ng4 Nxg4 24. Qxg4 Nf6 25. Qe2 Re5 26. Qd2 Nd5 27. g3
b5 28. a4 bxa4 29. Ra1 Rh5 30. Kh2 Nf6 31. Ne2 Ng4+ 32. Kg2 Qb7+ 33. f3 Rd5 34.
Nd4 Nf6 35. Qc2 h5 36. Rxa4 e5 37. Nb3 Rb5 38. Rb4 e4 39. fxe4 Rxb4 40. cxb4
Nxe4 41. Kh2 h4 42. gxh4 Qb8+ 43. Kh1 Qg3 44. Rf1 Qxh3+ 45. Kg1 Ng3 46. Qg2
Ne2+ 47. Kf2 Qe3+ 48. Ke1 Nc3+ 0-1

[Event "Brazil Foz do Iguacu Open"]
[Site "Foz do Iguacu BRA"]
[Date "2018.05.16"]
[Round "2.3"]
[White "Delgado Ramirez, N."]
[Black "Borges, Gu"]
[Result "1-0"]
[WhiteElo "2611"]
[BlackElo "2211"]
[PlyCount "61"]
[EventDate "2018.05.16"]
[EventType "swiss"]
[EventRounds "9"]
[EventCountry "BRA"]
[SourceTitle "The Week in Chess 1228"]
[Source "Mark Crowther"]
[SourceDate "2018.05.21"]
[SourceVersion "1"]
[SourceVersionDate "2018.05.21"]
[SourceQuality "2"]

1. e4 c5 2. Nf3 e6 3. d4 cxd4 4. Nxd4 Nc6 5. Nc3 Qc7 6. Be3 a6 7. Be2 Nf6 8. a3
Be7 9. f4 d6 10. Qd2 O-O 11. O-O-O Nxd4 12. Bxd4 b5 13. e5 Nd7 14. exd6 Bxd6
15. Rhf1 Be7 16. Qd3 Rd8 17. Ne4 Bb7 18. Qg3 g6 19. Ng5 Rac8 20. c3 Nc5 21. Be5
Qa5 22. Kb1 f6 23. Qh3 fxg5 24. fxg5 Bxg5 25. Qg4 Bh6 26. Qh4 Nd7 27. Rxd7 Rxd7
28. Qf6 Bg7 29. Qxe6+ Kh8 30. Qxd7 Bxe5 31. Qxb7 1-0

[Event "Brazil Foz do Iguacu Open"]
[Site "Foz do Iguacu BRA"]
[Date "2018.05.17"]
[Round "3.3"]
[White "Brito, L."]
[Black "Delgado Ramirez, N."]
[Result "0-1"]
[WhiteElo "2354"]
[BlackElo "2611"]
[PlyCount "50"]
[EventDate "2018.05.16"]
[EventType "swiss"]
[EventRounds "9"]
[EventCountry "BRA"]
[SourceTitle "The Week in Chess 1228"]
[Source "Mark Crowther"]
[SourceDate "2018.05.21"]
[SourceVersion "1"]
[SourceVersionDate "2018.05.21"]
[SourceQuality "2"]

1. b3 e5 2. Bb2 Nc6 3. e3 d6 4. c4 g6 5. Nf3 Bg7 6. Be2 f5 7. d3 Nf6 8. Nc3 O-O
9. Nd2 Ne7 10. Qc2 c5 11. Bf3 Rb8 12. Nd5 Nexd5 13. cxd5 g5 14. g3 b6 15. Bg2
Bb7 16. h4 g4 17. h5 Nxd5 18. Qc4 b5 19. Qxb5 Kh8 20. h6 Bf6 21. e4 Nb4 22. Qc4
Ba6 23. Qc3 Nxd3+ 24. Kf1 Nxb2+ 25. Kg1 Nd3 0-1

[Event "Brazil Foz do Iguacu Open"]
[Site "Foz do Iguacu BRA"]
[Date "2018.05.17"]
[Round "4.3"]
[White "Delgado Ramirez, N."]
[Black "Matsuura, E."]
[Result "1-0"]
[WhiteElo "2611"]
[BlackElo "2485"]
[PlyCount "93"]
[EventDate "2018.05.16"]
[EventType "swiss"]
[EventRounds "9"]
[EventCountry "BRA"]
[SourceTitle "The Week in Chess 1228"]
[Source "Mark Crowther"]
[SourceDate "2018.05.21"]
[SourceVersion "1"]
[SourceVersionDate "2018.05.21"]
[SourceQuality "2"]

1. e4 c5 2. Nf3 Nc6 3. Bb5 g6 4. Bxc6 bxc6 5. O-O Bg7 6. Re1 e5 7. c3 Ne7 8. d4
cxd4 9. cxd4 exd4 10. Nxd4 O-O 11. Nc3 Rb8 12. Nb3 Qc7 13. Bg5 d6 14. Qd2 Be6
15. Nd4 Nc8 16. Rab1 c5 17. Nf3 Re8 18. Bh6 Bh8 19. Bf4 Qa5 20. h3 Rb7 21. Red1
Rd7 22. Qc2 Bg7 23. Bd2 Qa6 24. b3 Nb6 25. Re1 h6 26. Bc1 d5 27. exd5 Nxd5 28.
Nxd5 Rxd5 29. Bf4 Red8 30. Rbc1 Bf5 31. Qe2 Qxe2 32. Rxe2 Rd1+ 33. Re1 Rxe1+
34. Rxe1 Be6 35. Rc1 Rc8 36. Nd2 a5 37. Nc4 a4 38. bxa4 Ra8 39. a5 Bxc4 40.
Rxc4 Rxa5 41. a4 g5 42. Bc7 Ra6 43. a5 Bd4 44. Bb6 Kf8 45. Bxc5+ Bxc5 46. Rxc5
Ke7 47. Kf1 1-0

[Event "Brazil Foz do Iguacu Open"]
[Site "Foz do Iguacu BRA"]
[Date "2018.05.18"]
[Round "6.2"]
[White "Leitao, R."]
[Black "Delgado Ramirez, N."]
[Result "1/2-1/2"]
[WhiteElo "2619"]
[BlackElo "2611"]
[PlyCount "23"]
[EventDate "2018.05.16"]
[EventType "swiss"]
[EventRounds "9"]
[EventCountry "BRA"]
[SourceTitle "The Week in Chess 1228"]
[Source "Mark Crowther"]
[SourceDate "2018.05.21"]
[SourceVersion "1"]
[SourceVersionDate "2018.05.21"]
[SourceQuality "2"]

1. d4 Nf6 2. c4 e6 3. Nf3 Bb4+ 4. Bd2 Bxd2+ 5. Qxd2 O-O 6. Nc3 d5 7. e3 Qe7 8.
Rc1 Nbd7 9. Qc2 c6 10. Be2 dxc4 11. Bxc4 e5 12. O-O 1/2-1/2

[Event "Brazil Foz do Iguacu Open"]
[Site "Foz do Iguacu BRA"]
[Date "2018.05.19"]
[Round "7.2"]
[White "Delgado Ramirez, N."]
[Black "Cubas, Jo"]
[Result "1/2-1/2"]
[WhiteElo "2611"]
[BlackElo "2454"]
[PlyCount "47"]
[EventDate "2018.05.16"]
[EventType "swiss"]
[EventRounds "9"]
[EventCountry "BRA"]
[SourceTitle "The Week in Chess 1228"]
[Source "Mark Crowther"]
[SourceDate "2018.05.21"]
[SourceVersion "1"]
[SourceVersionDate "2018.05.21"]
[SourceQuality "2"]

1. e4 c5 2. Nf3 d6 3. Bb5+ Bd7 4. Bxd7+ Qxd7 5. O-O Nc6 6. Re1 Nf6 7. c3 e6 8.
d4 cxd4 9. cxd4 d5 10. e5 Ne4 11. Nbd2 Nxd2 12. Bxd2 Be7 13. Rc1 O-O 14. Rc3 f6
15. exf6 Rxf6 16. Rce3 Bd6 17. Bc3 Re8 18. Bd2 Ra8 19. Qe2 Raf8 20. Bc3 Ra8 21.
Qd1 Bf4 22. Rd3 Bd6 23. Rde3 Raf8 24. Qe2 1/2-1/2

[Event "Brazil Foz do Iguacu Open"]
[Site "Foz do Iguacu BRA"]
[Date "2018.05.19"]
[Round "8.4"]
[White "Di Berardino, D."]
[Black "Delgado Ramirez, N."]
[Result "1-0"]
[WhiteElo "2523"]
[BlackElo "2611"]
[PlyCount "139"]
[EventDate "2018.05.16"]
[EventType "swiss"]
[EventRounds "9"]
[EventCountry "BRA"]
[SourceTitle "The Week in Chess 1228"]
[Source "Mark Crowther"]
[SourceDate "2018.05.21"]
[SourceVersion "1"]
[SourceVersionDate "2018.05.21"]
[SourceQuality "2"]

1. d4 Nf6 2. c4 e6 3. Nc3 Bb4 4. e3 b6 5. Nge2 Bb7 6. a3 Bd6 7. Qc2 c5 8. d5
O-O 9. g3 Re8 10. Bg2 Bf8 11. O-O e5 12. h3 h5 13. e4 d6 14. Bg5 Be7 15. Bxf6
Bxf6 16. h4 Nd7 17. Nc1 g6 18. Nd3 Bg7 19. Bh3 Nf6 20. Kg2 a6 21. b4 cxb4 22.
axb4 Qc7 23. Qb3 Bc8 24. Bxc8 Rexc8 25. c5 bxc5 26. bxc5 dxc5 27. Qc4 a5 28.
Rfb1 Ne8 29. Nb5 Qd8 30. Nb2 Kh7 31. Qd3 Qd7 32. Nc4 Rab8 33. Rxa5 Rb7 34. Nc3
Rcb8 35. Rxb7 Rxb7 36. Rxc5 Rb4 37. Rc6 Qb7 38. Qc2 Nf6 39. Na2 Rb1 40. Nd6 Qb8
41. Nxf7 Rb2 42. Ng5+ Kh6 43. Nf7+ Kh7 44. Ng5+ Kh6 45. Qa4 Ng4 46. Rc2 Rb1 47.
Nf7+ Kh7 48. Ng5+ Kh6 49. Nc3 Rb4 50. Qc6 Rb6 51. Qc4 Bf6 52. Ne6 Rb2 53. Qe2
Rxc2 54. Qxc2 Be7 55. Nd1 Qb4 56. f3 Nf6 57. Nf2 Kh7 58. Nd3 Qb8 59. Qc7 Qxc7
60. Nxc7 Nd7 61. Nb5 Kg7 62. Nc7 Kf7 63. Ne6 Kf6 64. f4 exf4 65. gxf4 Nb6 66.
Ng5 Nc4 67. Kf2 Bd8 68. Ke2 Bb6 69. d6 Bd8 70. Nb4 1-0

[Event "Brazil Foz do Iguacu Open"]
[Site "Foz do Iguacu BRA"]
[Date "2018.05.20"]
[Round "9.7"]
[White "Delgado Ramirez, N."]
[Black "Kropff, R."]
[Result "1-0"]
[WhiteElo "2611"]
[BlackElo "2214"]
[PlyCount "31"]
[EventDate "2018.05.16"]
[EventType "swiss"]
[EventRounds "9"]
[EventCountry "BRA"]
[SourceTitle "The Week in Chess 1228"]
[Source "Mark Crowther"]
[SourceDate "2018.05.21"]
[SourceVersion "1"]
[SourceVersionDate "2018.05.21"]
[SourceQuality "2"]

1. e4 e5 2. Nf3 Nc6 3. Nc3 g6 4. h4 Nf6 5. d4 exd4 6. Nxd4 Qe7 7. Ndb5 Qd8 8.
Bg5 Be7 9. Nd5 Nxd5 10. exd5 Bxg5 11. hxg5 a6 12. Nc3 Ne7 13. Qd4 Rg8 14. Ne4
Nf5 15. Nf6+ Kf8 16. Nxh7+ 1-0